[Event "GER-chT U14"]
[Site "Magdeburg"]
[Date "2013.12.28"]
[Round "3.1"]
[White "Von Angern, Cedric"]
[Black "Berezhnoy, Alex"]
[Result "1/2-1/2"]
[WhiteElo "1601"]
[BlackElo "1776"]
[PlyCount "166"]
[EventDate "2013.12.27"]
[EventType "team-swiss"]
[EventRounds "4"]
[EventCountry "GER"]
[SourceTitle "EXT 2015"]
[Source "ChessBase"]
[SourceDate "2014.11.20"]
[SourceVersion "1"]
[SourceVersionDate "2014.11.20"]
[SourceQuality "1"]
[WhiteTeam "Magdeburg Aufbau Elbe"]
[BlackTeam "Duesseldorf Sued"]
[WhiteTeamCountry "GER"]
[BlackTeamCountry "GER"]

1. e4 e5 2. Nf3 Nf6 3. Nxe5 d6 4. Nf3 Nxe4 5. Nc3 Nf6 6. d4 d5 7. Bg5 Be7 8. h3 0-0 9. Qd2 Bf5 10. Bd3 Bxd3 11. Qxd3 Nc6 12. 0-0 Nb4 13. Qd2 h6 14. Bf4 c6 15. Rfe1 Na6 16. a3 Nc7 17. Re2 Ne6 18. Bh2 Re8 19. Rd1 Qb6 20. Qc1 Qa5 21. Qd2 Qb6 22. Qc1 Rad8 23. Be5 Qa6 24. Ree1 Nd7 25. Bg3 Nb6 26. Ne5 Nc4 27. Nxc4 Qxc4 28. Ne2 Bf6 29. c3 Ng5 30. Nf4 Ne4 31. Nh5 Re6 32. f3 Nxg3 33. Nxg3 Rde8 34. Rxe6 Rxe6 35. Re1 Bg5 36. Qb1 Be3+ 37. Kh1 Bf2 38. Rxe6 fxe6 39. Nh5 Qe2 40. Kh2 Qe1 41. Qxe1 Bxe1 42. Nf4 Kf7 43. Nd3 Bd2 44. Kg3 Be3 45. f4 g5 46. Kf3 gxf4 47. Nxf4 Bc1 48. Nd3 Bd2 49. Kg4 Kf6 50. a4 b6 51. Kf3 Kf5 52. g3 a5 53. g4+ Kg5 54. Kg3 Be3 55. Kf3 Bg1 56. Kg2 Be3 57. Kf3 Bd2 58. Kg3 Kf6 59. h4 b5 60. axb5 cxb5 61. Kf3 a4 62. Ke2 a3 63. bxa3 Bxc3 64. Ke3 Ba5 65. Kf4 Bc7+ 66. Kf3 Bd8 67. Kf4 Bc7+ 68. Kf3 Bd6 69. Nb4 Kg6 70. Nc2 Be7 71. Kg3 Bd6+ 72. Kf3 e5 73. dxe5 Bxe5 74. Nb4 Bb2 75. Nxd5 Bxa3 76. Ke4 Bd6 77. Ne3 Bg3 78. Nf5 Be1 79. Kd5 Bf2 80. Nd4 b4 81. Kc4 Bxh4 82. Kxb4 Kg5 83. Nf5 Be1+ 1/2-1/2

[Event "GER-chT U14"]
[Site "Magdeburg"]
[Date "2013.12.28"]
[Round "4.1"]
[White "Weis, Olga"]
[Black "Berezhnoy, Alex"]
[Result "1-0"]
[WhiteElo "1721"]
[BlackElo "1776"]
[PlyCount "91"]
[EventDate "2013.12.27"]
[EventType "team-swiss"]
[EventRounds "4"]
[EventCountry "GER"]
[SourceTitle "EXT 2015"]
[Source "ChessBase"]
[SourceDate "2014.11.20"]
[SourceVersion "1"]
[SourceVersionDate "2014.11.20"]
[SourceQuality "1"]
[WhiteTeam "Baden-Baden U14"]
[BlackTeam "Duesseldorf Sued"]
[WhiteTeamCountry "GER"]
[BlackTeamCountry "GER"]

1. e4 e5 2. Bc4 Nf6 3. d3 d5 4. exd5 Nxd5 5. Qf3 Nf6 6. Nd2 Bg4 7. Qxb7 Nbd7 8. Ngf3 Be7 9. 0-0 0-0 10. Qb3 Rb8 11. Qa4 Bb4 12. c3 Bc5 13. Qc2 Re8 14. Ng5 Bh5 15. Nge4 Nxe4 16. Nxe4 Be7 17. Be3 Nb6 18. Bb3 Kh8 19. Ng3 Bg6 20. Rad1 Bg5 21. Bxg5 Qxg5 22. Ne4 Qh4 23. Qe2 Rbd8 24. f3 f5 25. Nf2 Nd5 26. Bxd5 Rxd5 27. Qe3 Qa4 28. a3 Rb8 29. c4 Ra5 30. b4 f4 31. Qe2 Ra6 32. Qxe5 Re8 33. Qxf4 Qxa3 34. b5 Rd6 35. d4 Rde6 36. Qxc7 Re2 37. d5 Qe3 38. h3 Bc2 39. Ra1 Re7 40. Qc6 Qd4 41. d6 Re8 42. d7 Rd8 43. Rae1 Qe3 44. Qc8 Qg5 45. Rxe2 Bg6 46. Re8+ 1-0

[Event "GER-ch U14"]
[Site "Oberhof"]
[Date "2013.05.19"]
[Round "1"]
[White "Berezhnoy, Alex"]
[Black "Fluechter, Gregor"]
[Result "1/2-1/2"]
[WhiteElo "1719"]
[BlackElo "2002"]
[PlyCount "51"]
[EventDate "2013.05.19"]
[EventType "swiss"]
[EventRounds "9"]
[EventCountry "GER"]
[SourceTitle "CBM 154 Extra"]
[Source "ChessBase"]
[SourceDate "2013.06.25"]
[SourceVersion "2"]
[SourceVersionDate "2013.06.25"]
[SourceQuality "1"]

1. e4 c5 2. Nf3 d6 3. d4 cxd4 4. Nxd4 Nf6 5. Nc3 a6 6. f3 e5 7. Nb3 Be6 8. Be3 Be7 9. Qd2 0-0 10. 0-0-0 Nbd7 11. g4 b5 12. Qf2 b4 13. Nd5 Bxd5 14. exd5 Rb8 15. g5 Ne8 16. h4 a5 17. Nd2 a4 18. Bd3 Nc7 19. Be4 Nb5 20. Nb1 Qa5 21. Rd3 Rfc8 22. Rd2 Nc5 23. Bxc5 Rxc5 24. Rh2 Bd8 25. f4 Bb6 26. Qf3 1/2-1/2

[Event "GER-chT U14"]
[Site "Magdeburg"]
[Date "2012.12.27"]
[Round "1.1"]
[White "Bingert, Tim Niklas"]
[Black "Berezhnoy, Alex"]
[Result "1-0"]
[WhiteElo "2020"]
[BlackElo "1598"]
[PlyCount "91"]
[EventDate "2012.12.27"]
[EventType "team-swiss"]
[EventRounds "7"]
[EventCountry "GER"]
[SourceTitle "EXT 2014"]
[Source "ChessBase"]
[SourceDate "2013.11.20"]
[SourceVersion "1"]
[SourceVersionDate "2013.11.20"]
[SourceQuality "1"]
[WhiteTeam "Langen"]
[BlackTeam "Duesseldorf SF 75"]
[WhiteTeamCountry "GER"]
[BlackTeamCountry "GER"]

1. e4 e5 2. Nf3 Nf6 3. Nc3 Bb4 4. Nxe5 0-0 5. Nd3 Bxc3 6. dxc3 Nxe4 7. Be2 d5 8. 0-0 Bf5 9. f3 Nf6 10. Bg5 Nbd7 11. Qd2 c6 12. Rfe1 Qb6+ 13. Be3 Qc7 14. Bf4 Qb6+ 15. Kh1 Rfe8 16. a4 a5 17. b3 d4 18. c4 c5 19. Bf1 Qc6 20. Rxe8+ Rxe8 21. Qxa5 Bxd3 22. Bxd3 Ne5 23. Qd2 Nxd3 24. Qxd3 Qe6 25. Bd2 Nh5 26. Kg1 Qe2 27. Re1 Qxe1+ 28. Bxe1 Rxe1+ 29. Kf2 Re5 30. Qd2 b6 31. c3 g6 32. cxd4 cxd4 33. Qxd4 Re6 34. c5 bxc5 35. Qxc5 Nf4 36. Qc4 g5 37. a5 Re7 38. a6 h5 39. b4 Kg7 40. b5 Rd7 41. b6 Rd2+ 42. Ke3 Rd1 43. a7 Re1+ 44. Kd2 Re8 45. b7 Rd8+ 46. Kc2 1-0

[Event "Dortmund Sparkassen op-B"]
[Site "Dortmund"]
[Date "2011.07.30"]
[Round "8"]
[White "Vogt, Christian"]
[Black "Berezhnoy, Alex"]
[Result "1/2-1/2"]
[WhiteElo "1470"]
[BlackElo "1384"]
[PlyCount "38"]
[EventDate "2011.07.23"]
[EventType "swiss"]
[EventRounds "9"]
[EventCountry "GER"]
[SourceTitle "EXT 2013"]
[Source "ChessBase"]
[SourceDate "2012.11.22"]
[SourceVersion "1"]
[SourceVersionDate "2012.11.22"]
[SourceQuality "1"]

1. d4 d5 2. c4 e6 3. Nc3 Nf6 4. cxd5 exd5 5. Bg5 Nbd7 6. e3 h6 7. Bh4 Be7 8. Bd3 0-0 9. Nge2 c6 10. 0-0 Bd6 11. Qc2 Re8 12. Rab1 Nf8 13. b4 a6 14. a4 b5 15. Kh1 Bg4 16. h3 Bh5 17. e4 Bxe2 18. Nxe2 g5 19. Bxg5 dxe4 1/2-1/2

[Event "Dortmund Sparkassen op-B"]
[Site "Dortmund"]
[Date "2011.07.29"]
[Round "7"]
[White "Berezhnoy, Alex"]
[Black "Czilwik, Matthias"]
[Result "1-0"]
[WhiteElo "1384"]
[BlackElo "999"]
[PlyCount "41"]
[EventDate "2011.07.23"]
[EventType "swiss"]
[EventRounds "9"]
[EventCountry "GER"]
[SourceTitle "EXT 2013"]
[Source "ChessBase"]
[SourceDate "2012.11.22"]
[SourceVersion "1"]
[SourceVersionDate "2012.11.22"]
[SourceQuality "1"]

1. e4 c6 2. d4 d5 3. Nc3 dxe4 4. Nxe4 e6 5. Nf3 Nf6 6. Bd3 Be7 7. 0-0 0-0 8. c3 Qc7 9. Qc2 g6 10. Bh6 Re8 11. h3 Nxe4 12. Bxe4 c5 13. Rad1 c4 14. Ne5 f6 15. Bxg6 fxe5 16. Bxe8 exd4 17. cxd4 Bd6 18. Bb5 b6 19. Qxc4 Qxc4 20. Bxc4 Nc6 21. Bxe6+ 1-0

[Event "Dortmund op-B"]
[Site "Dortmund"]
[Date "2009.07.08"]
[Round "5"]
[White "Berezhnoy, Alex"]
[Black "Boeckmann, Lieselotte"]
[Result "1-0"]
[WhiteElo "1073"]
[BlackElo "972"]
[PlyCount "91"]
[EventDate "2009.07.04"]
[EventType "swiss"]
[EventRounds "9"]
[EventCountry "GER"]
[SourceTitle "EXT 2012"]
[Source "ChessBase"]
[SourceDate "2011.11.24"]
[SourceVersion "1"]
[SourceVersionDate "2011.11.24"]
[SourceQuality "1"]

1. e4 e5 2. Nf3 d6 3. Nc3 Bd7 4. Bc4 c6 5. d3 Be7 6. h3 b5 7. Bb3 c5 8. Bd5 Bc6 9. Nxb5 Nf6 10. Bxc6+ Nxc6 11. Nc3 0-0 12. 0-0 Qd7 13. Nh2 h6 14. f4 Kh8 15. Kh1 Rg8 16. Be3 g6 17. f5 Rg7 18. Bxh6 Rh7 19. Be3 Rg8 20. Qd2 Nh5 21. Kg1 g5 22. Nd5 f6 23. c3 Bf8 24. g4 Nf4 25. Bxf4 gxf4 26. Nxf6 Qg7 27. Nxh7 Qxh7 28. Rf3 Be7 29. Kh1 Nd8 30. d4 Nf7 31. dxe5 Nxe5 32. Rf2 Qxh3 33. Rd1 Nc4 34. Qxf4 Ne3 35. Rd3 Rxg4 36. Qxe3 Qh5 37. Qf3 Qh4 38. Qxg4 Qxf2 39. Rh3+ Bh4 40. Rxh4+ Qxh4 41. Qxh4+ Kg7 42. Ng4 Kg8 43. Qf6 c4 44. Nh6+ Kh7 45. Qg6+ Kh8 46. Qg8# 1-0